[Event "AUTO-INT-270"]
[Site "http://www.queenalice.com/game.php?id=138703"]
[Date "2006.12.8"]
[Round "1"]
[White "J_Ricardo"]
[Black "Belcebu"]
[Result "0-1"]
[WhiteElo "1492"]
[BlackElo "1747"]

1. e4 e5 2. Nf3 Nf6 3. Nc3 Bb4 4. Nxe5 d6 5. Nf3 Bxc3 6. bxc3 Nxe4 7. Qe2 Qe7 8.
d3 Nxc3 9. Qxe7+ Kxe7 10. g3 Re8 11. Bb2 Kf8+ 12. Kd2 Nd5 13. Rd1 Bg4 14. Be2
Nc6 15. h3 Bh5 16. g4 Bg6 17. Ng5 h6 18. Nf3 Re7 19. Rde1 Rae8 20. Nd4 Nxd4 21.
Bxd4 c5 22. Be3 Nxe3 23. fxe3 Rxe3 24. Rh2 b5 25. a3 a5 26. h4 d5 27. h5 Bh7 28.
Rf2 d4 29. Kd1 c4 30. dxc4 bxc4 31. a4 d3 32. cxd3 cxd3 33. Kd2 dxe2 34. Rfxe2
Rxe2+ 35. Rxe2 Rxe2+ 36. Kxe2 Bc2 37. Kd2 Bxa4 38. Kc3 Bd7 39. Kb3 a4+ 40. Ka3
Ke7 41. Kb4 Kd6 42. Ka3 Kc5 43. Kb2 Kb4 44. Ka2 Bxg4 45. Kb2 Bxh5 46. Kc2 a3 47.
Kb1 Kb3 48. Ka1 g5 49. Kb1 g4 50. Ka1 g3 51. Kb1 g2 52. Ka1 g1=R# 0-1

[Event "AUTO-OPEN-474"]
[Site "http://www.queenalice.com/game.php?id=139084"]
[Date "2006.12.9"]
[Round "1"]
[White "Belcebu"]
[Black "koshnarek"]
[Result "1-0"]
[WhiteElo "1756"]
[BlackElo "1509"]

1. e4 e5 2. Nf3 Nc6 3. Bb5 Nd4 4. Nxd4 exd4 5. d3 c6 6. Bc4 d5 7. exd5 Qe7+ 8.
Qe2 Qxe2+ 9. Kxe2 c5 10. Re1 Bd7 11. Kf1+ Kd8 12. Bf4 Nf6 13. Nd2 h6 14. Ne4
Nxe4 15. dxe4 b5 16. Bd3 c4 17. Be2 Bb4 18. Red1 d3 19. cxd3 g5 20. Bd2 Bc5 21.
dxc4 bxc4 22. Bxc4 Rc8 23. Rac1 Bd4 24. Bxg5+ hxg5 25. Rxd4 f6 26. h3 Rc5 27. b3
Kc7 28. b4 Rxc4 29. Rdxc4+ Kd6 30. Rc7 Bb5+ 31. Kg1 a6 32. Rb7 Bd3 33. Rb6+ Ke7
34. f3 Rh4 35. a4 Kf7 36. Rc3 Be2 37. Kf2 Bd1 38. Rxa6 Kg6 39. a5 Rh7 40. Re6
Ba4 41. e5 Rf7 42. exf6 Rxf6 43. Rxf6+ Kxf6 44. Ke3 Ke5 45. Rc5 Kd6 46. Kd4 Bd7
47. b5 1-0

[Event "AUTO-OPEN-474"]
[Site "http://www.queenalice.com/game.php?id=139085"]
[Date "2006.12.9"]
[Round "1"]
[White "koshnarek"]
[Black "Belcebu"]
[Result "0-1"]
[WhiteElo "1509"]
[BlackElo "1679"]

1. e4 e5 2. d4 exd4 3. Qxd4 Nc6 4. Qc3 d5 5. Nd2 dxe4 6. Nxe4 Nf6 7. Nxf6+ gxf6
8. Bf4 Bb4 9. Rd1 Bxc3+ 10. bxc3 Qe7+ 11. Be2 Bf5 12. Rd2 Rd8 13. g4 Bxg4 14.
Bxc7 Rxd2 15. Kxd2 Bxe2 16. Nxe2 Qxc7 17. Rd1 Qxh2 18. Kc1 Qxf2 19. Nd4 Nxd4 20.
cxd4 O-O 21. Rd2 Qe1+ 22. Rd1 Qe3+ 23. Kb1 Rc8 24. Rd3 Qe1+ 25. Kb2 Rc4 26. d5
Rb4+ 27. Rb3 Rxb3+ 28. axb3 Qe5+ 29. c3 Qxd5 30. c4 Qd4+ 31. Ka3 f5 32. Ka2 f4
33. Ka3 f3 34. Ka2 f2 35. Ka3 f1=Q 36. Ka2 Qfa1# 0-1

[Event "AUTO-OPEN-474"]
[Site "http://www.queenalice.com/game.php?id=139086"]
[Date "2006.12.9"]
[Round "1"]
[White "Belcebu"]
[Black "mafbueno"]
[Result "1-0"]
[WhiteElo "1668"]
[BlackElo "1595"]

1. e4 e5 2. Nf3 Qe7 3. Bc4 d6 4. Nc3 c6 5. d3 Bg4 6. h3 Be6 7. Bxe6 fxe6 8. O-O
Nf6 9. Be3 Nbd7 10. d4 exd4 11. Nxd4 e5 12. Nf5 Qe6 13. Qd2 g6 14. Ng3 Nb6 15.
Rad1 Nc4 16. Qc1 Nxe3 17. Qxe3 b6 18. Rd2 O-O-O 19. Rfd1 d5 20. exd5 cxd5 21.
Qd3 d4 22. a3 Bh6 23. Qa6+ Kb8 24. Nb5 Qe7 25. Re2 Rhe8 26. Rde1 Bf4 27. Ne4
Nxe4 28. Rxe4 Bd2 29. Rxe5 Bxe1 30. Rxe7 Rxe7 31. Nxa7 Rd6 32. Nc8 1-0

[Event "AUTO-OPEN-474"]
[Site "http://www.queenalice.com/game.php?id=139087"]
[Date "2006.12.9"]
[Round "1"]
[White "mafbueno"]
[Black "Belcebu"]
[Result "1-0"]
[WhiteElo "1565"]
[BlackElo "1794"]

1. d4 Nf6 2. Nf3 e6 3. Bf4 b6 4. e3 Bb7 5. h3 Be7 6. Bd3 O-O 7. Nbd2 Nc6 8. c3
h6 9. Qc2 d6 10. e4 Nh5 11. Bh2 Bf6 12. O-O-O e5 13. d5 Ne7 14. g3 Ng6 15. Nc4
Qd7 16. Bg1 Be7 17. Ne3 c6 18. c4 cxd5 19. exd5 Nf6 20. Bxg6 fxg6 21. Qxg6 Rac8
22. b3 Rf7 23. Nf5 Kf8 24. Nxh6 gxh6 25. Qxh6+ Ke8 26. Ng5 Rf8 27. Qg6+ Kd8 28.
Ne6+ 1-0

[Event "Let's Play Chess!"]
[Site "http://www.queenalice.com/game.php?id=142680"]
[Date "2006.12.17"]
[Round "-"]
[White "Belcebu"]
[Black "CampbellMarcel"]
[Result "1-0"]
[WhiteElo "1716"]
[BlackElo "1838"]

1. e4 e6 2. d4 d5 3. Nc3 Bb4 4. e5 Bxc3+ 5. bxc3 Ne7 6. Nf3 h6 7. Be2 b6 8. c4
O-O 9. O-O c6 10. cxd5 cxd5 11. c4 Ba6 12. Qa4 Nf5 13. Bd3 dxc4 14. Bxc4 Nxd4
15. Bxa6 Nxf3+ 16. gxf3 Nxa6 17. Qxa6 Qd4 18. Ba3 Rfd8 19. Rfe1 Rd7 20. Rad1
Qxd1 21. Rxd1 Rxd1+ 22. Kg2 g5 23. Qb7 Rad8 24. Qxa7 R1d3 25. Bd6 b5 26. Qb6 Rc8
27. Qxb5 Rcc3 28. Qe8+ Kg7 29. Qf8+ Kg6 30. Qg8+ Kh5 31. Qxf7+ Kh4 32. Qf6 h5
33. Be7 Rxf3 34. Qxg5# 1-0

[Event "AUTO-OPEN-487"]
[Site "http://www.queenalice.com/game.php?id=143726"]
[Date "2006.12.19"]
[Round "1"]
[White "Kisei"]
[Black "Belcebu"]
[Result "1-0"]
[WhiteElo "1810"]
[BlackElo "1747"]

1. e4 e5 2. Nf3 Nf6 3. Nxe5 d6 4. Nf3 Nxe4 5. d4 d5 6. Bd3 Bg4 7. h3 Bh5 8. O-O
Nc6 9. c4 Bxf3 10. Qxf3 Nxd4 11. Qd1 Bc5 12. cxd5 Qxd5 13. Bxe4 Qxe4 14. Re1 1-0

[Event "AUTO-OPEN-487"]
[Site "http://www.queenalice.com/game.php?id=143727"]
[Date "2006.12.19"]
[Round "1"]
[White "Belcebu"]
[Black "Kisei"]
[Result "0-1"]
[WhiteElo "1763"]
[BlackElo "1795"]

1. e4 e5 2. Nf3 Nc6 3. Bb5 a6 4. Ba4 Nf6 5. O-O Be7 6. c3 b5 7. Bb3 Nxe4 8. Re1
Nf6 9. Nxe5 Nxe5 10. d4 Nc6 11. Bg5 O-O 12. Qf3 Bb7 13. d5 Na5 14. Bc2 Bxd5 15.
Qe3 Re8 0-1